Städte in der Metropolregion Rhein-Main - Statistiken

Allgemein
  • Dieses Quiz wurde 341 mal gespielt
  • Das Durchschnittsergebnis liegt bei 8 aus 12
Antwortstatistiken
Hint Antwort % Korrekt
701000 Frankfurt am Main
99%
204000 Mainz
94%
274000 Wiesbaden
94%
119000 Offenbach
88%
150000 Darmstadt
85%
90000 Hanau
72%
61000 Rüsselsheim
55%
78000 Gießen
48%
68000 Aschaffenburg
46%
52000 Bad Homburg
41%
65000 Fulda
39%
80000 Worms
34%
Keine übereinstimmenden Quizze gefunden
Verteilung der Resultate
Anzahl Personen mit jedem Resultat
Perzentil nach korrekt beantworteten Fragen
Ihre Resultats-Entwicklung
Sie haben dieses Quiz noch nicht gespielt